Responses for Show #7049 - Thursday, April 16, 2015

Alex Jacob game 5.

Contestants

[<< previous game]

Erin Steinhart, a clinical research coordinator originally from Worcester, Massachusetts

Dane Walker, a courier from Flint, Michigan

Alex Jacob, a currency trader from Chicago, Illinois (whose 4-day cash winnings total $109,401)

[next game >>]

Jeopardy! Round responses

2014 ADDITIONS TO THE NATIONAL FILM REGISTRY
FACT: -OID
POLITICIANS
CEREMONIES
FLOUR POWER
MIND YOUR "P"s & "Q"s
(Alex Trebek: ...because each correct response will begin with one of those letters.)
    $200 8
the Coen Brothers (Joel & Ethan)

Alex
    $200 24
wine

Alex
    $200 19
(Nancy) Pelosi

Alex
    $200 10
Graham

Dane
    $400 7
Rosemary's Baby

Dane
    $4,600 15
Venice

Alex
    $400 25
[The end-of-round signal sounds.]

vice president

Dane
    $400 23
the Transcontinental Railroad

Erin
    $600 4
(John) Wayne

Alex
    $600 14
(Alex Trebek: Yes, you paused there as if you had doubts.)

Vulcan

Alex
    $600 9
RFK (Bobby Kennedy)

Erin
    $600 22
all-purpose

Dane
    $600 17
quantum

Erin
    $800 1
Watts

Alex
    $800 3
(Captain) Queeg

Alex
    $800 5
(Erin: What is Pennsylvania?)

West Virginia

AlexErin
    $800 12
changing of the guard

Alex
    $800 11
(Alex Jacob: What is yeast?)

gluten

AlexDane
    $800 2
a player piano

Alex
    $1000 6
Wax

Dane
    $1000 18
a chromosome

Dane
    $1000 13
Mitt Romney

Erin
    $1000 20
(Dane: What is hazing?)

initiation

Dane
Triple Stumper
    $1000 21
(Alex Trebek: Less than a minute now, Alex.)

polenta

Triple Stumper
    $1000 16
pachyderm

Alex

Scores at the first commercial break (after clue 14):

Alex Dane Erin
$4,600 $2,400 $800

Scores at the end of the Jeopardy! Round:

Alex Dane Erin
$10,600 $3,400 $1,800

Double Jeopardy! Round responses

OLDE ENGLISH
CELEBRITY ARTISTS
VOCABULARY
WELCOME TO MY HUT
ENGINEERING
IT'S JUST GORGE-OUS
    $400 30
the Magna Carta

Alex
    $400 18
Bono

Alex
    $400 1
oral

Erin
    $400 22
a pearl

Dane
    $400 19
the pyramids

Dane
    $400 25
the Himalayas

Dane
    $800 29
the Great London Fire

Dane
    $800 28
(David) Bowie

Erin
    $800 2
a bayou

Dane
    $800 27
Lord of the Flies

Dane
    $800 26
an aqueduct

Dane
    $100 17
the Rhine

Alex
    $100 16
(Alex Jacob: Um, who is... [Beep] ...Charles II?)

Oliver Cromwell

Alex
    $1200 10
the Rolling Stones

Alex
    $1200 3
hair

Alex
    $1200 24
(Alex Trebek: That's it, with less than a minute to go.)

Heart of Darkness

Alex
    $1200 11
the Chunnel

Alex
    $1200 8
(Mount) Etna

Alex
    $1600 23
Henry V

Dane
    $1600 4
Jane Seymour

Erin
    $1600 5
corespondent

Dane
    $1600 12
Thomas Hardy

Dane
    $1600 13
reverse engineering

Alex
    $1600 9
(Dane: What is Edam?)

Cheddar

Dane
Triple Stumper
    $2000 15
(Dane: [No response])
(Alex Trebek: Oh, no, boo, hiss. Sorry.)

Bosworth Field

AlexDane
    $2000 7
Anthony Hopkins

Alex
    $2000 6
(Dane: What are pince-nez?)
...
(Alex Trebek: It's got the handle, so it's [*], not a pince-nez.)

a lorgnette

Dane
Triple Stumper
    $2000 21
Solzhenitsyn

Alex
    $2000 20
the Skywalk

Erin
    $2000 14
Royal Gorge

Dane

Scores at the end of the Double Jeopardy! Round:

Alex Dane Erin
$25,000 $9,000 $6,600
(lock game)

[wagering suggestions for these scores]

Final Jeopardy! Round responses

WORLD LEADERS
ErinWho is Gaddafi?
$3,400
DaneWho is Khadaffy
$2,300
AlexWho is Ahmadinejad
$5,000
Muammar Gaddafi

Final scores:

Alex Dane Erin
$20,000 $11,300 $10,000
5-day champion: $129,401 2nd place: $2,000 3rd place: $1,000

Game dynamics:

Coryat scores:

Alex Dane Erin
$21,600 $9,000 $6,600
24 R
(including 2 DDs),
2 W
(including 1 DD)
18 R,
4 W
8 R,
1 W

Combined Coryat: $37,200

[game clues] [game scores] [suggest correction]

Game tape date: Unknown
The J! Archive is created by fans, for fans. Scraping, republication, monetization, and malicious use prohibited; this site may use cookies and collect identifying information. See terms. The Jeopardy! game show and all elements thereof, including but not limited to copyright and trademark thereto, are the property of Jeopardy Productions, Inc. and are protected under law. This website is not affiliated with, sponsored by, or operated by Jeopardy Productions, Inc. Join the discussion at JBoard.tv.